| 000 | 00689nam a2200241 a 4500 | ||
|---|---|---|---|
| 001 | BRCA_8215 | ||
| 005 | 20190320210200.0 | ||
| 008 | 190514s1914----mx-ad##f##---#000-0#eng-# | ||
| 041 | _aeng | ||
| 044 | _amx | ||
| 050 | 4 |
_aJN1371 _b.P35 _c1914 |
|
| 100 | 1 |
_aPaish, George _cSir _920478 |
|
| 245 | 1 | 0 |
_aThe progress of banking _cSir George Paish. |
| 260 |
_aMéxico _bThe Statis _c1914 |
||
| 300 |
_a1 v. (paginación variada) _bil., tablas _c30 cm. |
||
| 440 | 0 |
_aThe Statis Foreign Banking Section _920479 |
|
| 500 | _aU122 | ||
| 650 | 1 | 4 |
_aBanca y finanzas _vProgreso _920480 |
| 650 | 1 | 4 |
_aFinanzas _915684 |
| 650 | 1 | 4 |
_aInversiones extranjeras _920481 |
| 902 | _aGFM | ||
| 942 |
_2lcc _cB |
||
| 999 |
_c7883 _d7883 |
||